La campaña mundial de desarme: preguntas y respuestas: documento informativo
Gardado en:
| Autor Corporativo: | |
|---|---|
| Formato: | Texto |
| Publicado: |
New York:
NU
|
| Etiquetas: |
Engadir etiqueta
Sen Etiquetas, Sexa o primeiro en etiquetar este rexistro!
|
MARC
| LEADER | 00000 a a2200000 04500 | ||
|---|---|---|---|
| 001 | 24267 | ||
| 003 | |||
| 040 | |||
| 090 | |a 171900 | ||
| 110 | |a Naciones Unidas | ||
| 245 | |a La campaña mundial de desarme: preguntas y respuestas: documento informativo | ||
| 260 | |a New York: |b NU | ||
| 300 | |a 20 p. | ||
| 999 | |c 11994 |d 11994 | ||
